000 00453nam a2200181Ia 4500
001 25179
005 20260414151132.0
008 260414t1978||||xx |||||||||||||| ||spa||
041 _aESP
082 _a346.3
_bL22 T. 2
100 _aLanatta, Rómulo E.
_eAUT
245 0 _aDerecho de sucesiones :
_bla sucesión testamentaria
260 _c1978
300 _a427 páginas :
_c24 cm.
650 _aDER
654 _aCDE
942 _cLIB
_dJUS
_fJUS
_2ddc
_n
999 _c25179
_d25179